| 000 | 00926nam a2200265Ia 4500 | ||
|---|---|---|---|
| 003 | OSt | ||
| 005 | 20220923211359.0 | ||
| 006 | a|||||r|||| 00| 0 | ||
| 007 | ta | ||
| 008 | 220922b |||||||| |||| 00| 0 hin d | ||
| 020 |
_a9788188790364 (hbk) _c695 |
||
| 024 | _a263,036 | ||
| 037 |
_b99, 27/07/2012, Eastern Book Linkers _cTextual |
||
| 040 |
_aARTS _cARTS _bhin |
||
| 041 |
_2hin _ahin |
||
| 082 | _aY15:(W:5), 152Q0 | ||
| 100 |
_aवाशिष्ठ, सरिता _9156369 |
||
| 245 | 0 | _aमहिला और कानून | |
| 246 | _ahinilā aur kānūna | ||
| 260 |
_aदिल्ली _b कल्पना प्रकाशन _c2010 |
||
| 300 |
_a259पृ. _ccm. |
||
| 650 | _aभारतीय-लोक साहित्य | ||
| 942 |
_hY15:(W:5), 152Q0 _cTEXL _2CC |
||
| 999 |
_c298938 _d298938 |
||